Applying cultural anthropology : (Record no. 7382)

MARC details
000 -LEADER
fixed length control field 00522cam a2200169 a 4500
001 - CONTROL NUMBER
control field 1999176
003 - CONTROL NUMBER IDENTIFIER
control field NG-AbAUS
005 - DATE AND TIME OF LATEST TRANSACTION
control field 20230319005559.0
008 - FIXED-LENGTH DATA ELEMENTS--GENERAL INFORMATION
fixed length control field 900817s1991 caua b 001 0 eng
020 ## - INTERNATIONAL STANDARD BOOK NUMBER
International Standard Book Number 1559340037
040 ## - CATALOGING SOURCE
Original cataloging agency DLC
Transcribing agency DLC
Modifying agency DLC
082 00 - DEWEY DECIMAL CLASSIFICATION NUMBER
Classification number 306
Edition number 20
245 00 - TITLE STATEMENT
Title Applying cultural anthropology :
Remainder of title an introductory reader /
Statement of responsibility, etc [selected by] Aaron Podolefsky, Peter J. Brown.
260 ## - PUBLICATION, DISTRIBUTION, ETC. (IMPRINT)
Place of publication, distribution, etc Mountain View, Calif. :
Name of publisher, distributor, etc Mayfield Pub. Co.,
Date of publication, distribution, etc c1991.
300 ## - PHYSICAL DESCRIPTION
Extent xiv, 254 p. :
Other physical details ill. ;
Dimensions 28 cm.
942 ## - ADDED ENTRY ELEMENTS (KOHA)
Source of classification or shelving scheme Dewey Decimal Classification
Item type Book

No items available.